000 00633nam a2200181 i 4500
001 73707
003 ES-MaACL
005 20250902125914.0
007 t|
008 040910q19001999sp ||||1| spa d
100 1 _aGoncourt, Edmond de,
_d1822-1896
_9127377
245 1 4 _aLas favoritas de Luis XV
_b: la Duquesa de Chateauroux y sus hermanas /
_cpor E. de Goncourt y J. de Goncourt ; traducción por Luis López-Ballesteros.
260 _aMadrid :
_b[s.n.,
_c19--?] (
_fAvrial)
300 _a284 p. ;
_c23 cm.
700 1 _aGoncourt, Jules de,
_d1830-1870
_958231
852 _aES-MaACL
_jF-14947
999 _c73707
_d73707